[Event "RUS Rapid GP Top 16 2018"]
[Site "Khanty-Mansiysk"]
[Date "2018.12.03"]
[Round "13"]
[White "Kryakvin, Dmitry"]
[Black "Ponkratov, Pavel"]
[Result "0-1"]
[WhiteElo "2529"]
[BlackElo "2658"]
[Annotator "TA"]
[PlyCount "116"]
[EventDate "2018.12.01"]
[EventType "swiss"]
[EventCountry "RUS"]
[SourceTitle "playchess.com"]
[Source "ChessBase"]
[SourceQuality "1"]

{[%evp 16,116,15,5,18,18,17,14,75,72,80,78,115,100,106,121,128,122,124,85,134,83,54,49,45,0,0,0,0,0,0,-74,-73,-89,-77,-132,-123,-122,-134,-125,-125,-118,-123,-128,-113,-120,-127,-122,-133,-121,-121,-132,-110,-152,-151,-155,-156,-159,-133,-134,-135,-139,-100,-98,-106,-125,-45,-111,-39,-33,-36,-125,-126,-150,-145,-325,-324,-325,-319,-375,-366,-457,-454,-395,-371,-343,-311,-429,-414,-883,-858,-1160,-1080,-913,-609,-6020,-5087,-5003,-4952,-3310,-2727,-2576,-1803]} 1. d4 e6 2. c4 c5 3. d5 exd5 4. cxd5 d6 5. Nc3 a6 6. a4 g6 7. Nf3 {[%cal Bg1f3,Bf3d2,Bd2c4][%mdl 32] A43: Schmid Benoni} Bg7 8. Nd2 (8. g3 Nh6 9. Nd2 f5 10. Nc4 Nf7 11. a5 Nd7 12. Bg2 O-O 13. O-O Rb8 {0-1 (37) Kopylov,M (2424)-Rapport,R (2686) Germany 2017}) 8... Nd7 9. e4 {LiveBook: 19 Games. The position is equal.} Nh6 10. Nc4 Nb6 $1 11. Ne3 f5 $146 (11... O-O $11) ({Predecessor:} 11... Qe7 12. Be2 O-O 13. O-O Rb8 14. Re1 Nd7 {1-0 (75) Krizsany,L (2430)-Szalanczy,E (2415) Balatonbereny 1996}) 12. a5 $16 Nd7 13. exf5 O-O 14. fxg6 $1 hxg6 15. Be2 Ne5 16. O-O $1 Nf5 17. Nxf5 gxf5 18. f4 (18. Ra3 $142) 18... Ng4 19. Bxg4 fxg4 20. Be3 Bf5 21. Qd2 b5 22. axb6 Qxb6 23. Rf2 (23. Nd1 $11 {keeps the balance.}) 23... Rfe8 $17 24. Re1 Rab8 25. Rfe2 {[#]} (25. Nd1 $142) 25... Qxb2 $1 {[%mdl 576] Remove Defender} 26. Qxb2 Rxb2 27. Rxb2 Bxc3 28. Rbe2 Bxe1 29. Rxe1 {[%mdl 4096] Endgame KRB-KRB} a5 {[%cal Ba6a5,Ba5a4][%mdl 32]} 30. Kf2 a4 31. Re2 Rb8 32. Ra2 Rb4 33. Bd2 Rc4 34. Ra3 Kf7 35. h3 gxh3 36. gxh3 Rd4 37. Be3 Rb4 38. h4 Be4 39. h5 Bxd5 40. Rd3 Ke6 (40... Rb2+ $17 41. Kg3 Rb3 42. Rxd5 Ke6) 41. Bd2 {[#]} ({White should try} 41. f5+ $1 $15 Ke5 42. h6) 41... Rb7 ({Better is} 41... Be4 $1 $17 {[%cal Re4d3]} 42. Bxb4 Bxd3) 42. f5+ $1 $15 Ke5 {And now ...Ke4 would win.} 43. Ke3 (43. h6 $15) 43... Re7 $17 {Hoping for ...Bc4.} 44. Bc3+ Kxf5+ {[%mdl 64] Discovered Attack} 45. Kf2 $2 (45. Kd2 $17 Bc4 46. Rxd6) 45... Rf7 $19 46. Ke1 Ke4 47. Rh3 Be6 48. Rh4+ Kd3 49. Ba1 Ra7 50. h6 {Threatens to win with h7.} Bg8 51. Rh5 Kc4 52. Kd2 (52. Rh4+ $142 Kb5 53. Rh5) 52... d5 {Black is clearly winning.} 53. Bg7 a3 54. Rh1 a2 55. Kc2 Rb7 {( -> ...d4)} 56. Ra1 Bh7+ 57. Kd2 Kb3 58. Rc1 d4 {Accuracy: White = 47%, Black = 73%.} 0-1

[Event "RUS Rapid GP Top 16 2018"]
[Site "Khanty-Mansiysk"]
[Date "2018.12.03"]
[Round "13"]
[White "Shuvalova, Polina"]
[Black "Demidov, Mikhail"]
[Result "0-1"]
[WhiteElo "2411"]
[BlackElo "2586"]
[Annotator "TA"]
[PlyCount "109"]
[EventDate "2018.12.01"]
[EventType "swiss"]
[EventCountry "RUS"]
[SourceTitle "playchess.com"]
[Source "ChessBase"]
[SourceQuality "1"]

{[%evp 13,109,46,52,49,55,43,43,46,58,40,44,46,50,42,49,38,44,41,45,37,42,47,45,33,49,29,82,0,5,-18,-10,-19,-18,-35,-45,-39,-53,-54,0,-22,-22,-20,-8,-12,-21,-95,-95,-97,-44,-107,-87,-95,-89,-89,-8,-8,0,0,0,0,0,0,0,-8,-8,-29,-31,-34,-34,-37,-20,-15,-16,-14,-14,-28,-31,-142,-142,-142,-116,-108,-102,-252,-255,-387,-387,-397,-384,-481,-397,-411,-392,-408,-352,-397,-385,-518]} 1. e4 {[%cal Be2e4,Be4e5][%mdl 32]} Nf6 2. e5 Nd5 3. d4 d6 4. Nf3 Nb6 5. a4 a5 6. exd6 exd6 {B04: Alekhine's Defence: 4 Nf3} 7. Bd3 Be7 {LiveBook: 6 Games} 8. O-O O-O {White is slightly better.} 9. h3 Na6 $146 ({Predecessor:} 9... N8d7 10. Nc3 Nf6 11. Ne2 Re8 {½-½ (11) Talla,V (2430)-Konopka,M (2424) Zdar nad Sazavou 2007}) 10. c3 c6 11. Nbd2 Nc7 12. Re1 Re8 13. Ne4 Nbd5 14. Qc2 h6 15. Bd2 Bf8 16. Ng3 Rxe1+ 17. Rxe1 Be6 18. Nh2 b5 19. Be4 Qd7 (19... Rb8 $11) 20. f4 (20. axb5 $16 cxb5 21. f4) 20... Nf6 $11 21. f5 Bd5 22. Bxd5 Ncxd5 23. Ng4 Re8 24. Ra1 Nxg4 25. hxg4 Qd8 ({Black should play} 25... b4 $15) 26. g5 hxg5 27. axb5 cxb5 28. Qd3 b4 29. Qf3 (29. Qa6 $11) 29... bxc3 $17 30. bxc3 {[#]} Nf4 $1 {[%mdl 512]} 31. Ne4 (31. Qb7 $15) (31. Bxf4 gxf4) 31... d5 {[#]} 32. Nxg5 $1 {[%mdl 512]} Qxg5 33. Qxf4 {[#]} Qh5 (33... Qd8 $1 $17) 34. Qf3 $132 {[%mdl 2048] White is not keeping still} ({Not} 34. Rxa5 $2 Qd1+ 35. Kh2 Qh5+ 36. Kg1 Qd1+ 37. Kh2 Re4 $19) 34... Qxf3 35. gxf3 {[%mdl 4096] Endgame KRB-KRB} Ra8 $1 36. Ra4 Bd6 37. Kf2 Kf8 38. Ke2 Ke7 39. Bg5+ Kd7 40. Kd3 Kc6 41. c4 dxc4+ 42. Kxc4 Bb4 43. d5+ Kd7 44. Be3 Rc8+ 45. Kd4 {[#]} ({White must play} 45. Kd3 $1 $15) 45... Bc5+ $1 $17 46. Kd3 Bxe3 47. Kxe3 {KR-KR} Rc5 48. Ke4 (48. f6 $17 {keeps fighting.} g5 49. Re4) 48... Kd6 $19 49. f6 (49. Kf4 $142) 49... g6 50. Kf4 Rxd5 51. Kg4 Ke6 52. Rf4 {Black is winning.} Rf5 {( -> ...Rxf4+)} 53. Rc4 {intending Rc6+.} Kxf6 54. Rc6+ Ke5 55. Ra6 {Accuracy: White = 30%, Black = 77%.} 0-1

[Event "RUS Rapid GP Top 16 2018"]
[Site "Khanty-Mansiysk"]
[Date "2018.12.03"]
[Round "13"]
[White "Kabanov, Nikolai"]
[Black "Kokarev, Dmitry"]
[Result "0-1"]
[WhiteElo "2403"]
[BlackElo "2698"]
[Annotator "TA"]
[PlyCount "110"]
[EventDate "2018.12.01"]
[EventType "swiss"]
[EventCountry "RUS"]
[SourceTitle "playchess.com"]
[Source "ChessBase"]
[SourceQuality "1"]

{[%evp 17,110,13,23,-18,-10,-33,49,29,31,31,47,22,18,36,72,72,80,78,77,64,73,22,20,19,34,19,14,18,0,11,34,21,25,1,19,24,28,12,28,16,16,26,24,23,37,27,26,28,31,36,28,20,17,14,25,27,27,26,32,23,19,0,0,0,0,0,0,0,0,0,0,0,0,0,0,-269,-269,-269,-269,-269,-269,-302,-234,-257,-239,-396,-394,-372,-390,-383,-341,-390,-347,-293,-288]} 1. e4 c5 2. Nf3 d6 3. Bb5+ Bd7 4. Bxd7+ Qxd7 5. c4 Nf6 6. Nc3 g6 7. O-O Bg7 8. d4 cxd4 9. Nxd4 Nc6 {LiveBook: 295 Games} 10. Nxc6 {B52: Sicilian: Moscow Variation with 3...Bd7} (10. Nde2 Qe6 11. Nd5 Qxe4 12. Nc7+ Kd7 13. Nxa8 Qxc4 14. Nc3 Rxa8 15. Bg5 Rc8 16. Rc1 Qg4 17. Qd2 Qd4 18. Qe2 Qg4 19. Qb5 Qb4 20. Qd3 Qd4 21. Qe2 Qg4 22. Qd2 Qd4 {½-½ (22) Rublevsky,S (2698)-Rodshtein,M (2654) Sochi 2015}) 10... Qxc6 11. Bg5 e6 $146 (11... Qxc4 $15 12. Bxf6 Bxf6) ({Predecessor:} 11... h6 12. Bxf6 Bxf6 13. Rc1 Bg7 14. Qe2 Rc8 15. Nd5 e6 16. Nf4 O-O 17. Rfd1 Qb6 {0-1 (59) Lysenko,V (1958)-Saunina,L (2214) Ekaterinburg 2018}) 12. Qd4 {White is slightly better.} Nh5 13. Qd3 O-O 14. Rfd1 Rfc8 15. b3 h6 16. Be3 Nf6 17. Rac1 Rd8 18. Bd4 a6 19. Qf3 ({White should play} 19. f3 $16) 19... Ne8 $11 20. Bxg7 Kxg7 21. a4 Qb6 22. Ne2 Rac8 23. Qc3+ Kg8 24. a5 Qc6 25. Qe3 Kg7 26. b4 Nf6 27. f3 {[%cal Bf2f3,Bf3f4,Bf4f5][%mdl 32]} Qc7 28. Kh1 Qe7 29. Nf4 Nd7 30. Nd3 Qf6 31. f4 e5 32. Rf1 Qe7 33. f5 g5 34. Rc2 Nf6 35. Rfc1 Qd7 36. h3 Qc6 37. Nf2 Rc7 38. Qe2 Rdc8 39. c5 dxc5 40. Rxc5 {[%mdl 64] [#] Double Attack} Qd6 {[%cal Rc7c5]} 41. Nd3 Nd7 42. Rxc7 Rxc7 43. Rxc7 Qxc7 44. Qb2 Qc4 45. Nc5 Qd4 46. Qc2 $2 {[%mdl 8192]} (46. Qxd4 $11 {and White has nothing to worry.} exd4 47. Nd3 (47. Nxd7 $2 d3 $19)) 46... Nxc5 $19 47. bxc5 {[%mdl 4096] Endgame KQ-KQ} Qa1+ 48. Kh2 Qxa5 49. Qc4 Qd8 50. Qb3 Qd7 51. Qb6 $2 (51. h4) 51... Qc6 52. Qb4 {[#]} a5 $1 {[%mdl 576] Deflection} 53. Qxa5 {intending Qb4.} Qxe4 54. Qc7 Qxf5 55. Qxb7 Qf4+ {Accuracy: White = 41%, Black = 64%.} 0-1

[Event "RUS Rapid GP Top 16 2018"]
[Site "Khanty-Mansiysk"]
[Date "2018.12.03"]
[Round "13"]
[White "Maletina, Tatiana"]
[Black "Yudin, Sergei"]
[Result "0-1"]
[WhiteElo "2239"]
[BlackElo "2643"]
[Annotator "TA"]
[PlyCount "132"]
[EventDate "2018.12.01"]
[EventType "swiss"]
[EventCountry "RUS"]
[SourceTitle "playchess.com"]
[Source "ChessBase"]
[SourceQuality "1"]

{[%evp 18,132,3,5,18,11,44,48,51,19,50,6,14,0,2,0,0,0,26,4,23,-10,-12,-17,0,-5,0,-38,-11,-50,-64,-45,-11,-15,-4,-73,-75,-138,-127,-110,0,-117,-75,-129,-97,-88,-71,-160,-143,-239,-208,-218,-155,-289,-47,-50,-52,-82,-11,-11,-11,-18,0,-9,-6,-13,6,-24,-21,-21,0,-49,-47,-117,-117,-112,-114,-228,-231,-231,-216,-293,-292,-364,-339,-339,-339,-518,-477,-553,-487,-569,-537,-537,-531,-666,-670,-900,-748,-647,-660,-861,-753,-979,-946,-1353,-1181,-1277,-1118,-3317,-1510,-29982,-29982,-29984,-29985,-29991,-29992]} 1. d4 d5 2. c4 e6 3. Nf3 c6 4. Qc2 dxc4 5. Qxc4 Nf6 6. Bg5 b5 {D30: Queen's Gambit Declined: Systems without Nc3} 7. Qc2 Bb7 8. Nbd2 (8. g3 Nbd7 9. Bg2 c5 10. dxc5 Bxc5 11. O-O Rc8 12. Qb3 a6 13. a4 b4 14. Nbd2 {1-0 (32) Lalith,B (2587)-Zhigalko,S (2671) Doha 2016}) 8... Nbd7 9. a4 a6 10. e3 {LiveBook: 23 Games} Bb4 11. Be2 c5 12. Bxf6 gxf6 13. O-O $146 ({Predecessor:} 13. axb5 axb5 14. Rxa8 Qxa8 15. dxc5 Nxc5 16. Bxb5+ {½-½ (38) Collas,S (2315)-Flear,G (2490) Saint Affrique 2009}) 13... c4 14. Ne4 O-O 15. Nc3 Qb6 16. Nd2 Be7 17. Bf3 Bxf3 18. Nxf3 b4 19. Ne4 Rac8 20. Ng3 Qb7 21. e4 Kh8 22. Rac1 b3 23. Qd2 Nb6 24. Ra1 $1 c3 $36 {[%mdl 2048] Black has some pressure.} 25. bxc3 Nc4 26. Qh6 (26. Qe2 $1 $11 {remains equal.}) 26... Rg8 $17 27. Rad1 ({White should play} 27. d5) 27... b2 28. d5 Na3 (28... Rg6 $17 29. Qh3 Rd8) 29. Nd2 (29. d6 $11 Rg6 30. Qh4 Bxd6 31. Rxd6) 29... Rxc3 30. Nb1 (30. d6 $142 Bd8 31. Nh5) 30... Nxb1 31. Rxb1 Rc2 {[#]} 32. d6 $1 {[%mdl 512]} Bd8 (32... Bxd6 33. Qxf6+) 33. Qf4 (33. Qe3 $17 {might work better.}) 33... Qb4 34. Nh5 Rg6 ({And not} 34... Qxa4 35. Nxf6 Rg6 36. Ng4 $11) 35. e5 {[#]} (35. d7 $17) 35... Qxf4 $2 (35... Rg4 $1 $19 {[%cal Rg4f4]} 36. Qh6 Qe4) 36. Nxf4 $15 Rg4 37. Nd3 Rd2 (37... Rxa4 $17 38. Rxb2 Rxb2 39. Nxb2 Rb4) 38. Rfd1 $11 Rxd1+ 39. Rxd1 fxe5 40. Nxb2 {[%mdl 4096] Endgame KRB-KRN} Kg7 41. Kf1 Kf6 42. f3 Rb4 43. Nd3 Rc4 44. Ke2 e4 45. fxe4 ({White should try} 45. Nf2 $1 $15) 45... Rxe4+ $17 46. Kf1 Rd4 47. Nb2 {[#]} (47. Ke2 $17 {is a better defense.}) 47... Rxd1+ $1 $19 48. Nxd1 {KB-KN} Ke5 49. Ke2 Kxd6 50. Kd3 Kc5 51. Nc3 Kb4 52. g4 (52. h3 $142) 52... h6 {[%cal Bh7h6,Bh6h5][%mdl 32]} 53. h3 Be7 54. Kc2 Bf6 55. Ne4 Be5 56. g5 h5 57. Kd3 a5 58. Nd2 Kxa4 59. Nf3 Bg3 60. Kc4 Bf4 61. h4 Bg3 62. Kc3 Kb5 63. Kd3 a4 {[%cal Ba5a4,Ba4a3,Ba3a2][%mdl 32]} 64. Ke4 a3 {Black mates.} 65. Nd4+ Kc4 66. Nxe6 a2 {Accuracy: White = 28%, Black = 63%.} 0-1

[Event "RUS Rapid GP Top 16 2018"]
[Site "Khanty-Mansiysk"]
[Date "2018.12.03"]
[Round "14"]
[White "Kokarev, Dmitry"]
[Black "Shuvalova, Polina"]
[Result "1/2-1/2"]
[WhiteElo "2698"]
[BlackElo "2411"]
[Annotator "TA"]
[PlyCount "165"]
[EventDate "2018.12.01"]
[EventType "swiss"]
[EventCountry "RUS"]
[SourceTitle "playchess.com"]
[Source "ChessBase"]
[SourceQuality "1"]

{[%evp 22,165,-10,-21,0,-18,0,-7,-12,-11,-9,-23,-9,-26,-30,-40,29,18,26,25,24,28,36,36,79,62,97,95,123,112,106,101,115,110,132,16,89,35,112,102,179,106,241,225,214,223,257,96,96,92,102,95,91,95,91,94,96,82,98,84,88,57,52,0,91,83,97,97,88,45,39,22,22,17,8,3,3,0,0,0,0,0,0,0,0,0,0,0,0,0,3,0,8,0,0,0,0,0,0,0,3,3,3,3,3,3,3,3,3,0,0,0,8,8,8,8,8,8,8,8,8,8,8,8,8,8,8,8,8,0,0,0,8,0,0,0,0,0,0,0,0,0,0,0,0,0]} 1. g3 d5 2. Nf3 Nf6 3. Bg2 e6 4. O-O Be7 5. d3 O-O 6. Nbd2 b6 7. e4 Bb7 8. e5 Nfd7 9. Re1 c5 10. h4 Nc6 11. Nf1 Re8 12. N1h2 {LiveBook: 16 Games} Rc8 {C00: French: Unusual White 2nd moves} 13. Bf4 Nf8 $146 ({Predecessor:} 13... f6 14. exf6 Bxf6 15. c3 e5 16. Bd2 Ba6 17. Ng5 Nf8 18. c4 Ne7 19. Qa4 {1-0 (48) Seeman,T (2405)-Nordahl,H (2423) Gothenburg 2005}) 14. h5 h6 15. Qd2 Nh7 16. c3 {[%cal Bc2c3,Bc3c4][%mdl 32]} b5 {[%cal Bb6b5,Bb5b4][%mdl 32]} 17. Qe2 b4 18. c4 Nd4 (18... Rc7 $15) 19. Nxd4 $11 cxd4 20. b3 Qd7 21. Rad1 a5 22. Bc1 dxc4 23. dxc4 Bxg2 24. Kxg2 Red8 25. Rd3 a4 26. Red1 axb3 27. axb3 Bc5 28. Qg4 (28. f4 $16) 28... Kh8 (28... f5 $11 29. Qh4 Qc6+ 30. Kg1 Rd7) 29. Bb2 ({Better is} 29. f4 $16) 29... Qa7 (29... f5 $14 30. Qf4 Qb7+ 31. Nf3 Be7) 30. Nf3 $16 Qa2 (30... Qa8 $16) 31. R1d2 ({White should try} 31. Bxd4 $18 Bxd4 32. Nxd4) 31... Qb1 (31... Qa8 $16 {is a better defense.}) 32. Bxd4 $18 Bxd4 33. Nxd4 Ng5 34. Qd1 $2 (34. Qe2 $18 Ra8 35. Nc2 Rxd3 36. Qxd3) 34... Qxd1 $16 35. Rxd1 {f3 is the strong threat.} Ne4 36. Nc2 Rxd3 37. Rxd3 {[%mdl 4096] Endgame KRN-KRN} Nc5 38. Re3 ({Of course not} 38. Nxb4 Nxd3 39. Nxd3 Rd8 $11) 38... Rb8 39. Kf3 Kg8 40. Ke2 Kf8 41. Kd2 Rd8+ 42. Ke2 Rb8 43. Nd4 Rb6 44. f4 Ra6 45. Kf3 Ra1 46. Nc6 Rb1 {The position is equal.} 47. Nxb4 Nxb3 {[#] Hoping for ...Nd2+.} 48. Rd3 {Rd8+ would kill now.} Na5 49. Rd8+ Ke7 50. Rb8 {And now Nc6+! would win.} Nxc4 51. Nc6+ {[%mdl 64] [#] Discovered Attack} Kd7 52. Rxb1 Nd2+ {[%mdl 64] Double Attack} 53. Ke3 Nxb1 $11 {KN-KN} 54. Nb4 Nc3 55. g4 Nd1+ 56. Kf3 Nb2 57. f5 Nc4 58. Nd3 Ke7 59. Ke4 Nd2+ 60. Kf4 Nc4 61. Nc5 Nb2 62. Ke3 Nc4+ 63. Ke4 Nd2+ 64. Kf4 Nc4 65. Ne4 exf5 66. gxf5 Nb2 67. Ke3 Nc4+ 68. Kd4 Nb2 69. Nc3 Kd7 70. Nd5 Nd1 71. f6 gxf6 72. Nxf6+ Ke6 73. Ng4 Nb2 74. Nxh6 f6 $1 75. Kc3 Nd1+ 76. Kd2 Nb2 77. Ng4 Nc4+ 78. Kd3 Nxe5+ 79. Nxe5 fxe5 80. h6 {White threatens h7 and mate.} Kf6 81. Ke4 Kg6 82. Kxe5 Kxh6 83. Ke4 {Accuracy: White = 43%, Black = 57%.} 1/2-1/2

[Event "RUS Rapid GP Top 16 2018"]
[Site "Khanty-Mansiysk"]
[Date "2018.12.03"]
[Round "14"]
[White "Morozevich, Alexander"]
[Black "Chigaev, Maksim"]
[Result "1/2-1/2"]
[WhiteElo "2696"]
[BlackElo "2671"]
[Annotator "TA"]
[PlyCount "82"]
[EventDate "2018.12.01"]
[EventType "swiss"]
[EventCountry "RUS"]
[SourceTitle "playchess.com"]
[Source "ChessBase"]
[SourceQuality "1"]

{[%evp 30,82,32,21,39,44,40,0,0,6,1,0,0,0,0,0,0,-4,-3,-3,-3,-8,-8,-11,0,0,0,-10,-21,-33,56,-120,0,0,0,-25,-20,-16,-24,-107,-77,-78,-75,-108,0,-77,-70,-77,0,0,0,-79,0,0,0]} 1. e4 c5 2. Nf3 e6 3. d4 cxd4 4. Nxd4 Nc6 5. Nc3 Qc7 6. Be3 a6 7. a3 Nf6 8. f4 d6 9. Qf3 Be7 10. Bd3 O-O 11. O-O Nxd4 {B48: Sicilian: Taimanov: 5 Nc3 Qc7 6 Be3 a6 without Be2} 12. Bxd4 e5 13. Be3 exf4 14. Qxf4 Be6 15. Nd5 (15. Bd4 Nd7 16. Nd5 Bxd5 17. exd5 Bf6 18. Bxf6 Nxf6 19. Qh4 {1-0 (32) Potkin,V (2574)-Morozevich,A (2665) Tula 2018}) 15... Bxd5 16. exd5 {LiveBook: 4 Games} g6 17. Bd4 Nd7 $1 18. Qh6 $146 {[%csl Gd4][%cal Rh6g7] [#]} ({Predecessor:} 18. Rae1 Ne5 19. Kh1 {1-0 (39) Di Berardino,D (2430)-Cramling,D (2425) Rio de Janeiro 2008}) 18... Ne5 19. Rae1 f6 20. h4 Rf7 21. Qf4 Raf8 22. h5 f5 23. Rxe5 dxe5 24. Bxe5 Qb6+ 25. Kh1 {[#] Hoping for d6.} Bf6 26. d6 $1 Qc5 27. Bxf6 Rxf6 28. Bc4+ Kh8 {Threatens to win with ...b5.} 29. Rd1 $1 b5 (29... g5 $15 30. b4 Qc6) 30. Bb3 $2 (30. d7 $14 {was the only good move.} Rd8 31. Bb3) 30... gxh5 (30... g5 $1 $17 {[%cal Rg5f4]} 31. Qh2 f4) 31. d7 Rd8 32. Rd5 Qe7 33. Qd4 {With the idea Rxf5.} Kg7 34. c3 (34. Re5 $11 {remains equal.} Qd6 35. Rd5) 34... Qe1+ 35. Kh2 Qe4 36. Qd2 Qh4+ 37. Kg1 {Black must now prevent Re5.} Re6 38. Kf1 $1 Qh1+ 39. Kf2 Qh4+ 40. Kf1 Qh1+ ({Black should try} 40... h6 $17 {...Qh1+ is the strong threat.} 41. Bd1 Qh2) 41. Kf2 $11 Qh4+ {Accuracy: White = 56%, Black = 61%.} 1/2-1/2

[Event "RUS Rapid GP Top 16 2018"]
[Site "Khanty-Mansiysk"]
[Date "2018.12.03"]
[Round "14"]
[White "Bocharov, Dmitry"]
[Black "Sjugirov, Sanan"]
[Result "0-1"]
[WhiteElo "2684"]
[BlackElo "2722"]
[Annotator "TA"]
[PlyCount "102"]
[EventDate "2018.12.01"]
[EventType "swiss"]
[EventCountry "RUS"]
[SourceTitle "playchess.com"]
[Source "ChessBase"]
[SourceQuality "1"]

{[%evp 30,102,5,12,45,2,63,27,35,35,40,43,50,39,104,32,42,38,37,12,16,16,14,0,0,0,0,0,18,0,0,0,0,4,46,23,86,75,193,200,192,152,196,14,147,112,129,0,4,-3,-3,0,-2,-4,-8,-8,-8,-3,0,0,-8,-494,-370,-515,-510,-508,-501,-489,-465,-452,-364,-1040,-1008,-1751,-1601]} 1. Nf3 Nf6 2. c4 g6 3. g3 Bg7 4. Bg2 O-O 5. d4 d5 6. cxd5 Nxd5 7. O-O Nc6 8. Nc3 Nb6 9. d5 Na5 10. Qc2 c6 11. dxc6 Nxc6 12. Rd1 Qe8 13. Qe4 {D76: Fianchetto Grünfeld: Main Line with 7...Nb6} Bf5 14. Qh4 f6 15. g4 Be6 16. b3 {[#] LiveBook: 3 Games} Qc8 $146 ({Predecessor:} 16... Rd8 17. Bb2 Rxd1+ 18. Rxd1 Qc8 19. h3 Rd8 20. Rc1 Bf7 {½-½ (31) Loschnauer,R (2469)-Gorokhovsky,B (2532) ICCF email 2013}) 17. h3 Qb8 (17... f5 $11) 18. Bb2 (18. Bh6 {seems wilder.} Bxh6 19. Qxh6 Rd8 20. Qe3 Bf7 21. Ne1) 18... g5 19. Qg3 Qxg3 20. fxg3 Rad8 21. Nb5 Nd5 (21... Bd5 $14) 22. Kf2 ({Better is} 22. Nfd4 $16 Nxd4 23. Nxd4) 22... f5 $14 23. Bxg7 Kxg7 24. Nxg5 (24. gxf5 {seems wilder.} Bxf5 25. Nxg5 Bxh3+ 26. Bf3 Bg4 27. Kg1) 24... fxg4+ 25. Kg1 Bg8 26. Bxd5 Rxd5 27. Rxd5 Bxd5 28. Nc7 Kg6 (28... Kh6 {is interesting.} 29. Nxd5 Kxg5 30. h4+ Kg6 31. Rd1 Rf5) 29. Nxd5 (29. Nxh7 {is more complex.} Rd8 30. Nf8+ Rxf8 31. Nxd5 gxh3 32. Nf4+) 29... Kxg5 $11 {[%mdl 4096] Endgame KRN-KRN} 30. h4+ Kg6 31. Rd1 Rc8 32. Kf2 e6 (32... e5 $11) 33. Nf4+ $16 Kf5 {[#]} (33... Kf6 $16) 34. Rd7 $1 $18 {[%csl LRb7,LRh7]} e5 35. Rf7+ Ke4 36. Nh5 $2 (36. Nd3 $18) 36... Kd4 (36... h6 $11 {remains equal.}) 37. Rd7+ Kc3 38. Rxh7 (38. Rxb7 $16 {Black must now prevent Ke3.} a5 39. Rxh7) 38... b5 $1 $11 39. Ke3 Kb2 40. Rb7 b4 41. Nf6 Kxa2 42. h5 {[%cal Bh4h5,Bh5h6,Bh6h7][%mdl 32]} (42. Nxg4 Kxb3 43. Nf2 a5 $17) 42... Kxb3 43. h6 (43. Nxg4 $2 a5 $19) 43... a5 {[%cal Ba7a5,Ba5a4,Ba4a3,Ba3a2][%mdl 32] Threatens to win with ...a4.} 44. h7 $1 {And now Ng8 would win.} Rh8 $1 {...a4 is the strong threat.} 45. Rg7 $2 {[%mdl 8192]} ({Reject} 45. Nxg4 a4 $17) (45. Ne4 $11) 45... a4 $19 {aiming for ...a3.} 46. Rg8 Rxh7 $1 47. Nxh7 a3 48. Ra8 a2 49. Nf6 {[#]} Nd4 $1 {[%cal Rd4c2]} ({Weaker is} 49... Kb2 50. Nxg4 b3 51. Nf2 $15) 50. Nxg4 $2 (50. Ne4 Nc2+ 51. Kd3) 50... Nc2+ 51. Kd2 Na3 {Accuracy: White = 43%, Black = 42%.} 0-1

[Event "RUS Rapid GP Top 16 2018"]
[Site "Khanty-Mansiysk"]
[Date "2018.12.03"]
[Round "14"]
[White "Ponkratov, Pavel"]
[Black "Sarana, Alexey"]
[Result "1-0"]
[WhiteElo "2658"]
[BlackElo "2617"]
[Annotator "TA"]
[PlyCount "61"]
[EventDate "2018.12.01"]
[EventType "swiss"]
[EventCountry "RUS"]
[SourceTitle "playchess.com"]
[Source "ChessBase"]
[SourceQuality "1"]

{[%evp 18,61,11,10,14,-8,0,-6,-12,-7,-4,-9,30,0,0,0,32,28,119,125,109,111,118,116,122,123,256,253,251,241,231,248,255,250,264,261,252,241,241,237,248,256,313,297,318,338]} 1. e4 c5 2. Nf3 d6 3. d4 cxd4 4. Nxd4 Nf6 5. Nc3 a6 6. Be3 e5 7. Nf3 Be7 8. Bc4 Be6 9. Bb3 {B90: Sicilian Najdorf: Unusual White 6th moves, 6 Be3 Ng4 and 6 Be3 e5} Nbd7 10. O-O {LiveBook: 3 Games} Rc8 11. Nh4 $146 {The position is equal.} ({Predecessor:} 11. Qd3 Ng4 12. Nd5 Nxe3 13. Qxe3 Nf6 14. Nxf6+ Bxf6 15. Rfd1 O-O 16. c3 Bg4 {0-1 (74) Guliyev,N (2545)-Hernandez,A (2270) Moscow 2012}) 11... Nc5 12. Nf5 Bxf5 13. exf5 Nxb3 14. axb3 Qd7 15. Qd3 d5 {[#] White must now prevent ...d4.} 16. Bg5 e4 17. Qh3 h6 (17... g6 $11 {remains equal.}) 18. Rad1 $16 O-O 19. Bxf6 $1 Bxf6 20. Nxd5 ({Reject} 20. Rxd5 $6 Qc6 $11) 20... Qd6 21. c3 Qe5 (21... Rc5 $16 22. c4 b5) 22. Nb6 $18 Rcd8 23. Nd7 Rxd7 24. Rxd7 Qb5 25. Rd2 {[%cal Bd7d2,Bd2e2,Be2e4][%mdl 32]} Qxb3 26. Re2 b5 27. Qe3 Re8 28. Qb6 Qd5 29. Rfe1 Bg5 30. Qd4 ({Don't take} 30. Qxa6 $6 Bd2 $18) 30... Qxf5 31. Rxe4 {Accuracy: White = 76%, Black = 38%.} 1-0